000 00246nam a22001097a 4500
082 _a808.3 BAR'M
100 _aBARRIE, JAMES M
_957805
245 _aTHE LITTLE MINISTER
260 _aNEWYORK
_bWORLDS POPULAR
_c1953
300 _a250P
942 _cBK
999 _c568058
_d568058